Solutions of problems in heat engines and thermodynamics. (Record no. 545784)

000 -LEADER
fixed length control field 00391nam a22001337a 4500
082 ## - DEWEY DECIMAL CLASSIFICATION NUMBER
Classification number 621.4021
Author Mark QUR
-- L-12, P-44
100 ## - MAIN ENTRY--PERSONAL NAME
Personal name Qureshi, M.A.
9 (RLIN) 41742
245 ## - TITLE STATEMENT
Title Solutions of problems in heat engines and thermodynamics.
260 ## - PUBLICATION, DISTRIBUTION, ETC.
Place of publication, distribution, etc. Lahore
Name of publisher, distributor, etc. National Book Stall
300 ## - PHYSICAL DESCRIPTION
Extent 350 p. :
Other physical details ill. :
Dimensions 4 Cm
526 ## - STUDY PROGRAM INFORMATION NOTE
Program name 0
Interest level 0
Reading level 0
Title point value 621_402100000000000_QUR
650 ## - SUBJECT ADDED ENTRY--TOPICAL TERM
Topical term or geographic name entry element MCE
9 (RLIN) 379
942 ## - ADDED ENTRY ELEMENTS (KOHA)
Source of classification or shelving scheme
Koha item type Book
Holdings
Withdrawn status Lost status Source of classification or shelving scheme Damaged status Not for loan Permanent Location Current Location Date acquired Total Checkouts Full call number Barcode Date last seen Price effective from Koha item type
          Military College of Engineering (MCE) Military College of Engineering (MCE) 05/29/2014   621.4021 QUR MCE-6988 05/29/2014 05/29/2014 Book
© 2023 Central Library, National University of Sciences and Technology. All Rights Reserved.